Expected Future Trends in Chinese Outward Direct Investment in Afrika

Očakávané trendy v investovaní Číny do Afriky. Ktoré krajiny v Afrike budú najväčšími prijímateľmi čínskych investícií. Sektory, do ktorých budú prúdiť investičné toky.

Na minha lista:
Detalhes bibliográficos
Autor principal: Szikorová, Nóra
Formato: Capítulo de Livro
Idioma:inglês
Assuntos:
Tags: Adicionar Tag
Sem tags, seja o primeiro a adicionar uma tag!

MARC

LEADER 00000naa$a2200000$$$4500
001 0182778
005 20240502083429.5
041 0 |a eng 
044 |a PL 
245 1 0 |a Expected Future Trends in Chinese Outward Direct Investment in Afrika  |c Nóra Szikorová 
520 |a Očakávané trendy v investovaní Číny do Afriky. Ktoré krajiny v Afrike budú najväčšími prijímateľmi čínskych investícií. Sektory, do ktorých budú prúdiť investičné toky. 
610 2 0 |a Čína 
610 2 0 |a investovanie 
610 2 0 |a investície priame zahraničné 
610 2 0 |a investície v zahraničí 
610 2 0 |a Afrika 
100 1 |a Szikorová, Nóra